000 00650nam a22002177a 4500
999 _c8202
_d8202
003 BD-JhCC
005 20180920093331.0
008 180219b2012 bg ||||| |||| 00| 0 ben d
035 _a(BD-JhCC)
040 _aBD-JhCC
_dBD-JhCC
041 _aben
082 _a780.1
_b2012
100 _aদাশ, সুমন কুমার
245 _aবাংলাদেশের বাউল ফকির /
_c সুমন কুমার দাশ
260 _aঢাকাঃ
_bঅন্বেষা প্রকাশনী
_c2012
300 _a752 p . :
_c22 cm.
650 _aBaul songs
650 _aZalon
942 _2ddc
_cBK